Common land and inclosure /

Bibliographic Details
Main Author: Gonner, E. C. K. (Edward Carter Kersey), 1862-1922
Format: Book
Language:English
Published: London : Macmillan and co., limited, 1912.
Subjects:

MARC

Tag First Indicator Second Indicator Subfields
LEADER 00000cam a2200000 4500
001 in00000068698
005 20151008050254.0
008 781108s1912 enkb 00010 eng
010 |a  12008496  
035 |a (OCoLC)04354860 
035 |9 AAG0239AM 
040 |a DLC  |c TJC  |d TXA  |d UtOrBLW 
049 |a TXAM  |c [187707] 
050 0 0 |a HD594.6  |b .G6 
092 |a 333.31  |b G639c 
100 1 |a Gonner, E. C. K.  |q (Edward Carter Kersey),  |d 1862-1922. 
245 1 0 |a Common land and inclosure /  |c by E. C. K. Gonner. 
264 1 |a London :  |b Macmillan and co., limited,  |c 1912. 
300 |a xxx, 461 pages :  |b maps (1 folded) ;  |c 23 cm. 
336 |a text  |b txt  |2 rdacontent 
337 |a unmediated  |b n  |2 rdamedia 
338 |a volume  |b nc  |2 rdacarrier 
650 0 |a Inclosures. 
650 0 |a Commons  |z Great Britain. 
650 0 |a Agriculture  |z England. 
650 0 |a Land tenure  |z Great Britain  |x History. 
999 |a MARS 
999 f f |s 0896fa1b-c0a7-324b-bc86-d50d925c38b1  |i acbb9fb8-6adf-3d72-a18c-21a07b1d4937  |t 0 
952 f f |p ric  |a Texas A&M University  |b Rellis Campus  |c Joint Library Facility  |d Remote Storage  |t 0  |e HD594.6 .G6  |h Library of Congress classification  |i unmediated -- volume  |m A14800740097 
998 f f |a HD594.6 .G6  |t 0  |l Remote Storage